000 00738nam a2200253 i 4500
003 DO-SdBNP
005 20240306102950.0
007 ta
008 240306s2000 dr o 000 0 spa d
040 _aDO-SdBNP
_bspa
_cBNPHU
_erda
041 1 7 _aspa
_heng
082 4 _222
_bS498r
100 _aSeverino, Luz
_eautora
_931600
245 0 0 _aRitos para una danza /
_cLuz Severino
264 1 _aSanto Domingo :
_bVoluntariado de Las Casas Reales,
_bGrupo Leon Jimenes
_c2000
300 _a31 páginas :
_bilustraciones
_c28 cm.
336 _2rdacontent
_atexto
_btxt
337 _2rdamedia
_asin mediación
_bn
338 _2rdacarrier
_avolumen
_bnc
590 _aInventariado, 2024/ DG
700 _961577
910 _aDG
942 _2ddc
_cLF2
999 _c56042
_d56042